000 00474nam a2200169Ia 4500
003 IN-BaIIA
008 211028s9999 xx 000 0 eng d
020 _a978-81-7480-161-6
040 _cIIA Library
080 _a551.444
_bDAT
100 _aDatta, P. S
_933401
245 0 _aWater: key driving force
_cP. S Datta
260 _aNoida
_bVigyan Prasar
_c2008
300 _aix, 104p.
650 _aWater
_913800
942 _cBK
999 _c17643
_d17643